000
00286nam a22001337a 4500
008
170621b xxu||||| |||| 00| 0 eng d
020
_a
0415947146
041
_a
eng
080
_a
32
100
_a
20
101
_a
SHP
245
_a
THE NON-WESTERN WORLD
_c
KARAN,P.P
942
_2
udc
_c
BK
999
_c
18381
_d
18381